[Event "11th EUR-ch"]
[Site "Rijeka CRO"]
[Date "2010.03.06"]
[Round "1"]
[White "Plenca, Jadranko"]
[Black "Ekstrom, Roland"]
[Result "0-1"]
[WhiteElo "1718"]
[BlackElo "2491"]
[EventDate "2010.03.06"]
[PlyCount "82"]

1.e4 Nf6 2.e5 Nd5 3.d4 d6 4.Nf3 Bg4 5.Bc4 e6 6.exd6 Bxd6 7.c3 Nd7 8.Bxd5 
exd5 9.Be3 c6 10.Qb3 Qc7 11.Nbd2 O-O 12.h3 Bf5 13.c4 dxc4 14.Nxc4 Be4 15.
Nxd6 Qxd6 16.O-O Bxf3 17.gxf3 Nb6 18.Rab1 Rfe8 19.Rfe1 Re6 20.Rbd1 Rae8 
21.Kg2 Rg6+ 22.Kh1 Qd7 23.Kh2 Nd5 24.Bd2 Rxe1 25.Rxe1 h6 26.Re4 b6 27.Qd3 
a5 28.Rg4 Rf6 29.Qf1 Qf5 30.Qg1 Rg6 31.Rxg6 fxg6 32.Qg4 Qc2 33.Be1 Kh7 34.
h4 Qxb2 35.Qe4 Qc1 36.Kg3 Nf6 37.Qe7 Nh5+ 38.Kg2 Nf4+ 39.Kh2 Nd3 40.Bc3 
Qxc3 41.Qe4 Nxf2 0-1

[Event "11th EUR-ch"]
[Site "Rijeka CRO"]
[Date "2010.03.06"]
[Round "1"]
[White "Sulashvili, Malkhaz"]
[Black "Rafaelic, Denis"]
[Result "1-0"]
[WhiteElo "2490"]
[BlackElo "1714"]
[EventDate "2010.03.06"]
[PlyCount "81"]

1.d4 Nf6 2.Nf3 g6 3.c4 Bg7 4.g3 O-O 5.Bg2 d6 6.O-O c5 7.Nc3 Nc6 8.d5 Nb4 
9.a3 Na6 10.Qc2 Nc7 11.b4 Bf5 12.Qb3 b6 13.Bb2 Qd7 14.Nd2 Bh3 15.Rfe1 Bxg2
16.Kxg2 e5 17.dxe6 fxe6 18.Nf3 Qc6 19.Rad1 Rad8 20.b5 Qb7 21.e4 e5 22.Nd5 
Ne6 23.Re2 Nd4 24.Bxd4 cxd4 25.Nxf6+ Bxf6 26.c5+ Qf7 27.Qxf7+ Kxf7 28.c6 
Ke6 29.Ne1 g5 30.Nd3 d5 31.f3 dxe4 32.fxe4 Be7 33.Rc2 g4 34.a4 Rf3 35.Rf2 
Rxf2+ 36.Kxf2 Bd6 37.Ke2 Rf8 38.Rf1 Rxf1 39.Kxf1 h5 40.Kg2 Be7 41.Nxe5 1-0

[Event "11th EUR-ch"]
[Site "Rijeka CRO"]
[Date "2010.03.06"]
[Round "1"]
[White "Dubrovic, Gabriel"]
[Black "Swiercz, Dariusz"]
[Result "0-1"]
[WhiteElo "1606"]
[BlackElo "2488"]
[EventDate "2010.03.06"]
[PlyCount "100"]

1.c4 f5 2.Nc3 Nf6 3.g3 g6 4.Bg2 Bg7 5.d3 O-O 6.e4 d6 7.Nge2 e5 8.O-O c6 9.
Bg5 Na6 10.Qd2 Qe8 11.Bxf6 Bxf6 12.d4 Bd7 13.Rad1 Rd8 14.f4 Be6 15.d5 Bc8 
16.a3 c5 17.Rde1 Qe7 18.Nb5 b6 19.fxe5 Bxe5 20.Nf4 fxe4 21.Bxe4 Nb8 22.b3 
a6 23.Nc3 Nd7 24.Ne6 Rxf1+ 25.Rxf1 Re8 26.Bg2 Nf8 27.Nxf8 Rxf8 28.Rxf8+ 
Qxf8 29.Ne2 Bg4 30.Qd3 Qf6 31.Qe4 Bf5 32.Qe3 a5 33.Be4 Bh3 34.Bg2 Bg4 35.
Qd3 Kg7 36.Qe4 Bf5 37.Qe3 Bc2 38.h3 Bd4 39.Nxd4 cxd4 40.Qf2 Bxb3 41.Bf1 
Qxf2+ 42.Kxf2 Bc2 43.Ke2 Kf6 44.Kd2 Be4 45.h4 Ke5 46.Be2 d3 47.Bxd3 Kd4 
48.Bxe4 Kxe4 49.Kc3 h5 50.Kb3 Kd4 0-1

[Event "11th EUR-ch"]
[Site "Rijeka CRO"]
[Date "2010.03.06"]
[Round "1"]
[White "Chirila, Ioan-Cristian"]
[Black "Dujic, Davor"]
[Result "1-0"]
[WhiteElo "2487"]
[BlackElo "1598"]
[EventDate "2010.03.06"]
[PlyCount "53"]

1.e4 c6 2.d4 d5 3.e5 c5 4.dxc5 e6 5.Nf3 Qc7 6.Bd3 Bxc5 7.O-O Nc6 8.Bf4 
Nge7 9.Bg3 Bd7 10.Nbd2 Nb4 11.Be2 O-O 12.c3 Nbc6 13.Bd3 h6 14.Nb3 Bb6 15.
Qd2 a6 16.Bf4 h5 17.Bg3 Ng6 18.Qg5 Nce7 19.Qxh5 Rfc8 20.Bh4 Nxh4 21.Qh7+ 
Kf8 22.Qxh4 Qd8 23.Qh8+ Ng8 24.Bh7 Ke7 25.Qxg7 Qf8 26.Qg5+ Ke8 27.Qxg8 1-0

[Event "11th EUR-ch"]
[Site "Rijeka CRO"]
[Date "2010.03.06"]
[Round "1"]
[White "Tomulic, Teo"]
[Black "Berescu, Alin-Mile"]
[Result "0-1"]
[WhiteElo "1577"]
[BlackElo "2486"]
[EventDate "2010.03.06"]
[PlyCount "46"]

1.e4 c6 2.d4 d5 3.Nc3 g6 4.Nf3 Bg7 5.e5 f6 6.exf6 exf6 7.Be3 Nh6 8.Qe2 Nf5
9.Bh6+ Kf7 10.Be3 Re8 11.O-O-O Bh6 12.Rd3 Nxe3 13.fxe3 Bf5 14.Nd1 Bxd3 15.
Qxd3 Qe7 16.Kd2 Nd7 17.g4 Qe4 18.Qe2 Qxg4 19.h4 Qe6 20.h5 g5 21.Qd3 Qe4 
22.Qe2 g4 23.Rh4 Qxf3 0-1

[Event "11th EUR-ch"]
[Site "Rijeka CRO"]
[Date "2010.03.06"]
[Round "1"]
[White "Tica, Sven"]
[Black "Levin, Evgeny"]
[Result "0-1"]
[WhiteElo "1562"]
[BlackElo "2486"]
[EventDate "2010.03.06"]
[PlyCount "42"]

1.c4 b6 2.Nf3 Bb7 3.d4 e6 4.Nc3 Bb4 5.a3 Bxc3+ 6.bxc3 d6 7.Bf4 Nd7 8.e3 
Ngf6 9.Be2 Qe7 10.Qa4 Ne4 11.Rc1 O-O 12.Bg3 f5 13.Rg1 Ndf6 14.Nd2 Nxd2 15.
Kxd2 Ne4+ 16.Ke1 e5 17.f3 Nxg3 18.hxg3 exd4 19.Qc2 Qxe3 20.Rh1 d3 21.Qxd3 
Qxc1+ 0-1

[Event "11th EUR-ch"]
[Site "Rijeka CRO"]
[Date "2010.03.06"]
[Round "1"]
[White "Sahitaj, Naim"]
[Black "Nabaty, Tamir"]
[Result "0-1"]
[WhiteElo "1562"]
[BlackElo "2485"]
[EventDate "2010.03.06"]
[PlyCount "94"]

1.Nf3 Nf6 2.b3 d5 3.Bb2 c5 4.e3 Nc6 5.h3 g6 6.g4 Bg7 7.Bg2 O-O 8.d3 Qc7 9.
Nbd2 e5 10.c3 d4 11.e4 dxc3 12.Bxc3 Rd8 13.Qc2 Nd7 14.Nc4 Nd4 15.Qd2 Nf8 
16.Ne3 Bh6 17.Qd1 Nfe6 18.Nd5 Rxd5 19.exd5 Nf4 20.Kf1 Bd7 21.Bd2 Qd6 22.
Bxf4 Bxf4 23.Nd2 Qa6 24.Nc4 b5 25.Ne3 Rc8 26.Be4 Kh8 27.a4 bxa4 28.Rxa4 
Bxa4 29.bxa4 Rf8 30.Rg1 f5 31.gxf5 gxf5 32.Bf3 e4 33.Be2 Qh6 34.Ng2 Qxh3 
35.dxe4 fxe4 36.Bg4 Qh2 37.Nxf4 Qxf4 38.Rg2 e3 39.Kg1 exf2+ 40.Kf1 Qe4 41.
d6 Nc2 42.Rxf2 Qh1+ 43.Ke2 Qxd1+ 44.Kxd1 Rxf2 45.d7 Ne3+ 46.Ke1 Rf8 47.Be6
Kg7 0-1

[Event "11th EUR-ch"]
[Site "Rijeka CRO"]
[Date "2010.03.06"]
[Round "1"]
[White "Pankov, German"]
[Black "Dvirnyy, Danyyil"]
[Result "0-1"]
[WhiteElo "2353"]
[BlackElo "2450"]
[EventDate "2010.03.06"]
[PlyCount "36"]

1.d4 Nf6 2.Bg5 d5 3.Bxf6 exf6 4.g3 c6 5.Bg2 Qb6 6.b3 h5 7.h4 Bd6 8.Qd3 O-O
9.Nd2 g6 10.e4 Re8 11.Ne2 Bg4 12.f3 Be6 13.Nf1 c5 14.exd5 Bf5 15.Qc4 cxd4 
16.Nd2 d3 17.cxd3 Bxg3+ 18.Kd1 Rxe2 0-1

[Event "11th EUR-ch"]
[Site "Rijeka CRO"]
[Date "2010.03.07"]
[Round "2"]
[White "Stefansson, Hannes"]
[Black "Bacrot, Etienne"]
[Result "1/2-1/2"]
[WhiteElo "2574"]
[BlackElo "2714"]
[EventDate "2010.03.06"]
[PlyCount "90"]

1.e4 e5 2.Nf3 Nc6 3.Bb5 Nf6 4.O-O Nxe4 5.d4 Nd6 6.Bxc6 dxc6 7.dxe5 Nf5 8.
Qxd8+ Kxd8 9.Nc3 Ne7 10.h3 h6 11.Be3 Ke8 12.Rad1 Bd7 13.Rfe1 Rd8 14.Kh2 
Nf5 15.Bf4 Bb4 16.Bd2 h5 17.Ne4 Bxd2 18.Rxd2 Bc8 19.Rxd8+ Kxd8 20.Rd1+ Ke7
21.Nfg5 h4 22.Rd3 a5 23.c4 b6 24.c5 b5 25.a3 a4 26.g4 hxg3+ 27.fxg3 f6 28.
exf6+ gxf6 29.Nf3 Be6 30.g4 Bc4 31.Rc3 Nh6 32.Kg3 f5 33.Ned2 fxg4 34.Ne5 
Rg8 35.Ndxc4 gxh3+ 36.Kxh3 bxc4 37.Rxc4 Ke6 38.Nd3 Nf5 39.Nf4+ Ke5 40.Rxa4
Rg3+ 41.Kh2 Rb3 42.Rb4 Rxb4 43.Nd3+ Kd4 44.Nxb4 Kxc5 45.Kg1 Kc4 1/2-1/2

[Event "11th EUR-ch"]
[Site "Rijeka CRO"]
[Date "2010.03.07"]
[Round "2"]
[White "Movsesian, Sergei"]
[Black "Ragger, Markus"]
[Result "1/2-1/2"]
[WhiteElo "2709"]
[BlackElo "2572"]
[EventDate "2010.03.06"]
[PlyCount "37"]

1.g3 Nf6 2.Bg2 e5 3.c4 d5 4.cxd5 Nxd5 5.Nc3 Nb6 6.Nf3 Nc6 7.O-O Be7 8.Rb1 
O-O 9.b4 f6 10.d3 Be6 11.b5 Nd4 12.Nd2 c6 13.bxc6 Nxc6 14.Nf3 Qd7 15.Be3 
Nd5 16.Nxd5 Bxd5 17.a4 Rac8 18.Rb5 Bf7 19.Qb1 1/2-1/2

[Event "11th EUR-ch"]
[Site "Rijeka CRO"]
[Date "2010.03.07"]
[Round "2"]
[White "Nevednichy, Vladislav"]
[Black "Navara, David"]
[Result "0-1"]
[WhiteElo "2572"]
[BlackElo "2708"]
[EventDate "2010.03.06"]
[PlyCount "78"]

1.e4 e5 2.Nf3 Nc6 3.Bc4 Nf6 4.d3 Bc5 5.Nc3 d6 6.Bg5 h6 7.Bxf6 Qxf6 8.Nd5 
Qd8 9.c3 a6 10.d4 exd4 11.cxd4 Ba7 12.h3 O-O 13.O-O b5 14.Bb3 Na5 15.Bc2 
c6 16.Nf4 c5 17.dxc5 dxc5 18.Qe2 Bb7 19.e5 Qc7 20.Rad1 Rad8 21.Be4 Bb8 22.
Nd5 Bxd5 23.Bxd5 Nc6 24.e6 Rxd5 25.Rxd5 Nd4 26.Rxd4 cxd4 27.g3 Ba7 28.Ne5 
d3 29.Qe4 fxe6 30.Kg2 d2 31.Nf3 Qc1 32.Qxe6+ Kh8 33.Qd5 Qxb2 34.Nxd2 Qd4 
35.Qxd4 Bxd4 36.Nf3 Bc3 37.Rd1 a5 38.Rd5 b4 39.Ne5 Ra8 0-1

[Event "11th EUR-ch"]
[Site "Rijeka CRO"]
[Date "2010.03.07"]
[Round "2"]
[White "Adams, Michael"]
[Black "Jankovic, Alojzije"]
[Result "1-0"]
[WhiteElo "2704"]
[BlackElo "2569"]
[EventDate "2010.03.06"]
[PlyCount "77"]

1.e4 c5 2.Nf3 d6 3.d4 cxd4 4.Nxd4 Nf6 5.Nc3 Nc6 6.Bg5 e6 7.Qd2 a6 8.O-O-O 
Bd7 9.f4 b5 10.Bxf6 gxf6 11.Nxc6 Bxc6 12.Qe3 Qe7 13.a3 Rb8 14.Bd3 Bg7 15.
Qg3 O-O 16.Qh4 b4 17.axb4 Rxb4 18.Rhf1 Re8 19.Rde1 h6 20.Re3 a5 21.Rg3 Kh8
22.f5 e5 23.Rg4 Kh7 24.Rf3 Rg8 25.Rfg3 Qa7 26.Rxg7+ Rxg7 27.Rh3 Qg1+ 28.
Nd1 Kg8 29.Qxh6 Kf8 30.Rg3 Ra4 31.Kd2 Ra1 32.Qxg7+ Ke7 33.Qg4 d5 34.exd5 
Bxd5 35.Re3 Qxh2 36.Be4 Ra4 37.Qf3 Rd4+ 38.Kc1 Rxe4 39.Rxe4 1-0

[Event "11th EUR-ch"]
[Site "Rijeka CRO"]
[Date "2010.03.07"]
[Round "2"]
[White "Alekseev, Evgeny"]
[Black "Minasian, Artashes"]
[Result "1/2-1/2"]
[WhiteElo "2700"]
[BlackElo "2568"]
[EventDate "2010.03.06"]
[PlyCount "99"]

1.e4 g6 2.d4 Bg7 3.Nf3 d6 4.c3 Nf6 5.Bd3 O-O 6.O-O Nbd7 7.Re1 e5 8.Nbd2 b6
9.Nf1 Bb7 10.Ng3 Re8 11.d5 c6 12.c4 Nc5 13.Bc2 a5 14.Be3 b5 15.b3 cxd5 16.
cxd5 Rc8 17.h3 h5 18.Bg5 Qb6 19.Qd2 b4 20.a3 Ra8 21.Be3 Rec8 22.Ra2 Bf8 
23.Rea1 Be7 24.Qd1 Ba6 25.axb4 axb4 26.Bd3 Bb7 27.Nd2 Rxa2 28.Rxa2 Qd8 29.
Bc2 h4 30.Ngf1 Nh5 31.Nc4 Ba6 32.Nfd2 Bxc4 33.Nxc4 Bg5 34.Bxg5 Qxg5 35.
Nxd6 Rd8 36.Nc4 Nf4 37.Qg4 Qxg4 38.hxg4 Ne2+ 39.Kh2 Nc3 40.Ra5 N5xe4 41.
Bxe4 Nxe4 42.f3 Nc3 43.d6 e4 44.Re5 f6 45.Re6 Kf7 46.Re7+ Kf8 47.Rh7 Kg8 
48.Re7 Kf8 49.Rh7 Kg8 50.Re7 1/2-1/2

[Event "11th EUR-ch"]
[Site "Rijeka CRO"]
[Date "2010.03.07"]
[Round "2"]
[White "Sulskis, Sarunas"]
[Black "Jobava, Baadur"]
[Result "0-1"]
[WhiteElo "2572"]
[BlackElo "2695"]
[EventDate "2010.03.06"]
[PlyCount "52"]

1.e4 c6 2.d4 d5 3.e5 Bf5 4.Nd2 e6 5.Nb3 Nd7 6.Nf3 Ne7 7.Be2 Bg4 8.O-O Nf5 
9.h3 Bxf3 10.Bxf3 g6 11.Bf4 h5 12.Re1 Bh6 13.Bxh6 Nxh6 14.c4 dxc4 15.Nd2 
Nb6 16.Ne4 Nf5 17.g4 hxg4 18.hxg4 Nh4 19.Nd6+ Kf8 20.Bh1 Qg5 21.a4 Kg7 22.
Ra3 Nf5 23.Nxb7 Rxh1+ 24.Kxh1 Rh8+ 25.Kg2 Nd5 26.Re4 Nf4+ 0-1

[Event "11th EUR-ch"]
[Site "Rijeka CRO"]
[Date "2010.03.07"]
[Round "2"]
[White "Sedlak, Nikola"]
[Black "Akopian, Vladimir"]
[Result "1/2-1/2"]
[WhiteElo "2570"]
[BlackElo "2688"]
[EventDate "2010.03.06"]
[PlyCount "41"]

1.e4 c6 2.d4 d5 3.exd5 cxd5 4.Bf4 Nc6 5.c3 Nf6 6.Nf3 g6 7.Nbd2 Bg7 8.Bd3 
Bf5 9.Bxf5 gxf5 10.Ne5 Qb6 11.Nd3 Ne4 12.f3 Nf6 13.h3 Nh5 14.Bh2 Bf6 15.
Qb3 Bh4+ 16.Kd1 Ng3 17.Re1 O-O-O 18.Nf1 Nxf1 19.Qxb6 axb6 20.Rxf1 Rhg8 21.
Rg1 1/2-1/2

[Event "11th EUR-ch"]
[Site "Rijeka CRO"]
[Date "2010.03.07"]
[Round "2"]
[White "Caruana, Fabiano"]
[Black "Evdokimov, Alexander"]
[Result "1-0"]
[WhiteElo "2680"]
[BlackElo "2564"]
[EventDate "2010.03.06"]
[PlyCount "129"]

1.e4 c5 2.Nf3 Nc6 3.d4 cxd4 4.Nxd4 g6 5.c4 Nf6 6.Nc3 Nxd4 7.Qxd4 d6 8.Be3 
Bg7 9.f3 O-O 10.Qd2 Be6 11.Rc1 Qa5 12.Be2 Rfc8 13.b3 Nd7 14.O-O a6 15.f4 
Nc5 16.Bf3 Rab8 17.Qc2 f5 18.Nd5 Qd8 19.Rcd1 fxe4 20.Bxe4 Bg4 21.Bf3 Bxf3 
22.Rxf3 e6 23.Nc3 b5 24.Bxc5 Rxc5 25.Ne4 Rc6 26.c5 d5 27.b4 Qe8 28.Nf2 a5 
29.a3 axb4 30.axb4 Ra6 31.Qe2 Rba8 32.g3 Ra2 33.Rd2 Ra1+ 34.Kg2 Qc6 35.Nd3
d4 36.Kh3 Qd5 37.Rf1 Rxf1 38.Qxf1 h5 39.Qe2 Ra4 40.Qg2 Qf5+ 41.g4 hxg4+ 
42.Qxg4 Qe4 43.Qe2 Qd5 44.Qg2 Qh5+ 45.Kg3 Ra3 46.Qe4 e5 47.h4 exf4+ 48.Kh3
Kh8 49.Rg2 Bf6 50.Rxg6 Qxh4+ 51.Kg2 Ra2+ 52.Kf3 Bg7 53.Rg4 Qh5 54.Nxf4 
Qh1+ 55.Rg2 Qf1+ 56.Kg4 Rxg2+ 57.Qxg2 Qc4 58.Qa8+ Kh7 59.Qe4+ Kh8 60.c6 
Qc1 61.Kf5 Kg8 62.Kg6 Qg1+ 63.Ng2 Qf1 64.Qd5+ Kh8 65.Qh5+ 1-0

[Event "11th EUR-ch"]
[Site "Rijeka CRO"]
[Date "2010.03.07"]
[Round "2"]
[White "Kurnosov, Igor"]
[Black "Maslak, Konstantin"]
[Result "1-0"]
[WhiteElo "2674"]
[BlackElo "2560"]
[EventDate "2010.03.06"]
[PlyCount "145"]

1.e4 c6 2.d4 d5 3.e5 c5 4.dxc5 Nc6 5.Bb5 e6 6.Be3 Bd7 7.Bxc6 Bxc6 8.Nf3 
Ne7 9.c3 Nf5 10.Bd4 Nxd4 11.Qxd4 Qc7 12.b4 b6 13.cxb6 axb6 14.O-O Bb5 15.
Re1 Be7 16.Qe3 O-O 17.Nd4 Bd7 18.f4 Kh8 19.a3 Rfc8 20.Ra2 f6 21.exf6 Bxf6 
22.Rf2 b5 23.Nb3 e5 24.fxe5 Re8 25.Qc5 Bxe5 26.Qxc7 Bxc7 27.Rxe8+ Rxe8 28.
N1d2 Bb6 29.Nc5 Bxc5 30.bxc5 Kg8 31.Nb3 Ra8 32.Ra2 Ra4 33.Kf2 Kf8 34.Ke3 
Ke7 35.Ra1 Kd8 36.Kd2 h6 37.Nd4 Rc4 38.Rf1 Ke7 39.Re1+ Kd8 40.Rf1 Ke7 41.
Re1+ Kd8 42.Re5 Rxc5 43.Nb3 Rc4 44.Rxd5 Ke7 45.g3 Rc7 46.Nd4 Ra7 47.Nxb5 
Bxb5 48.Rxb5 Rxa3 49.Kd3 Ra2 50.Re5+ Kd6 51.Re2 Ra4 52.c4 Ra5 53.Kd4 Rg5 
54.Ra2 Rg4+ 55.Kc3 h5 56.Ra5 g6 57.Kd3 Kc6 58.Rd5 Kb6 59.Re5 Kc6 60.Re4 
Rg5 61.Kd4 Kd6 62.Rf4 Kc6 63.Rf6+ Kc7 64.Ke3 Kd7 65.Kf3 Rc5 66.Rxg6 Rxc4 
67.Rh6 Rc5 68.Kg2 Ke7 69.Kh3 Kf7 70.Kh4 Rc2 71.h3 Rc4+ 72.Kxh5 Rc3 73.Kh4 
1-0

[Event "11th EUR-ch"]
[Site "Rijeka CRO"]
[Date "2010.03.07"]
[Round "2"]
[White "Gajewski, Grzegorz"]
[Black "Areschenko, Alexander"]
[Result "0-1"]
[WhiteElo "2567"]
[BlackElo "2670"]
[EventDate "2010.03.06"]
[PlyCount "96"]

1.d4 Nf6 2.c4 g6 3.g3 Bg7 4.Bg2 d5 5.cxd5 Nxd5 6.e4 Nb6 7.Ne2 c5 8.d5 e6 
9.Nbc3 O-O 10.O-O exd5 11.exd5 Bf5 12.Bf4 Na6 13.a3 Qd7 14.Qc1 Rfe8 15.Bh6
Bh3 16.Bxh3 Qxh3 17.Bxg7 Kxg7 18.Nf4 Qf5 19.Re1 Rad8 20.Rxe8 Rxe8 21.Qf1 
Nc8 22.Re1 Rxe1 23.Qxe1 Nc7 24.h4 b6 25.Qd1 Qd7 26.b4 Nd6 27.bxc5 bxc5 28.
Qa1 Kg8 29.h5 Qe7 30.Na4 Nf5 31.Qb1 Kg7 32.Qc1 g5 33.Nd3 Nxd5 34.Naxc5 Kh6
35.Qc4 Nf6 36.g4 Nh4 37.Kf1 Kg7 38.Ne1 Nxg4 39.Ne4 Nf5 40.Kg1 Nf6 41.f3 
Nxh5 42.Qd5 Nhg3 43.Nd3 Nxe4 44.fxe4 Nh4 45.Qd4+ Kh6 46.Kf2 Qxa3 47.Ne5 
Qa2+ 48.Ke1 Qe6 0-1

[Event "11th EUR-ch"]
[Site "Rijeka CRO"]
[Date "2010.03.07"]
[Round "2"]
[White "Fressinet, Laurent"]
[Black "Babula, Vlastimil"]
[Result "1/2-1/2"]
[WhiteElo "2670"]
[BlackElo "2554"]
[EventDate "2010.03.06"]
[PlyCount "104"]

1.e4 c5 2.Nf3 e6 3.g3 Nf6 4.Nc3 d5 5.exd5 Nxd5 6.Bg2 Nc6 7.d4 cxd4 8.Nxd4 
Nxc3 9.bxc3 Bd7 10.O-O Be7 11.Rb1 Na5 12.Nb3 Nc6 13.Be3 b6 14.c4 O-O 15.c5
Rc8 16.cxb6 axb6 17.Nc1 Nb4 18.Bxb6 Qe8 19.Rb2 Bc6 20.Nd3 Bxg2 21.Kxg2 
Qc6+ 22.Qf3 Qxb6 23.Nxb4 Rc4 24.Nd3 Qa5 25.Rfb1 h6 26.Rb8 Rcc8 27.Rxc8 
Rxc8 28.Qb7 Rc7 29.Rb5 Rxb7 30.Rxa5 Rc7 31.Ra8+ Kh7 32.a4 Bf6 33.a5 Bd4 
34.a6 Rxc2 35.Rd8 e5 36.Nxe5 Rxf2+ 37.Kg1 Bb6 38.Nc4 Bc5 39.Rc8 Bd4 40.Rd8
Bc5 41.Rd5 Ba7 42.Rd7 Bc5 43.Kh1 Rf1+ 44.Kg2 Rf2+ 45.Kh3 Ra2 46.Rd5 Bg1 
47.Ra5 Rxh2+ 48.Kg4 Rf2 49.Rf5 Ra2 50.Ra5 Rf2 51.Rf5 Ra2 52.Ra5 Rf2 
1/2-1/2

[Event "11th EUR-ch"]
[Site "Rijeka CRO"]
[Date "2010.03.07"]
[Round "2"]
[White "Moiseenko, Olexandr"]
[Black "Shimanov, Alexander"]
[Result "1-0"]
[WhiteElo "2668"]
[BlackElo "2553"]
[EventDate "2010.03.06"]
[PlyCount "103"]

1.d4 d5 2.c4 c6 3.Nc3 Nf6 4.e3 a6 5.Qc2 e6 6.Bd2 Nbd7 7.Nf3 c5 8.cxd5 exd5
9.g4 h6 10.Bg2 Be7 11.h4 Nxg4 12.Nxd5 Ngf6 13.Nxe7 Qxe7 14.dxc5 Nxc5 15.
Rc1 Ne6 16.Qb3 Nc5 17.Qc2 Ne6 18.a3 Qd8 19.O-O O-O 20.Bb4 Re8 21.Rfd1 Nd7 
22.Qf5 a5 23.Bd6 Ra6 24.Bg3 Qe7 25.Qb5 Nf6 26.Ne5 Rd8 27.Rxd8+ Qxd8 28.Kh2
Ra7 29.Bf3 Ne8 30.Nxf7 Kxf7 31.Bh5+ g6 32.Qf5+ Kg8 33.Qxg6+ N8g7 34.Qf7+ 
Kh8 35.Rd1 Qg8 36.Qf6 Ra6 37.Be5 Nf8 38.Qd8 Bf5 39.Qb8 Kh7 40.Qxb7 Re6 41.
Bf7 Rxe5 42.Bxg8+ Kxg8 43.Rd5 Re6 44.Rxa5 Be4 45.Qb3 Kh7 46.Ra4 Bb1 47.Qd1
Bg6 48.Ra7 Re4 49.Qd8 Kg8 50.b4 Rg4 51.f3 Ne6 52.Qxf8+ 1-0

[Event "11th EUR-ch"]
[Site "Rijeka CRO"]
[Date "2010.03.07"]
[Round "2"]
[White "Grachev, Boris"]
[Black "Parligras, Mircea-Emilian"]
[Result "1/2-1/2"]
[WhiteElo "2667"]
[BlackElo "2551"]
[EventDate "2010.03.06"]
[PlyCount "73"]

1.d4 Nf6 2.c4 e6 3.Nc3 Bb4 4.e3 O-O 5.Bd3 d5 6.Nf3 c5 7.O-O dxc4 8.Bxc4 
Nbd7 9.Qe2 b6 10.dxc5 Bxc3 11.c6 Bb4 12.cxd7 Qxd7 13.a3 Be7 14.Rd1 Qc7 15.
Bd2 Bb7 16.Rac1 Qb8 17.Ba6 Rd8 18.h3 h6 19.Bb4 Rxd1+ 20.Rxd1 Bxb4 21.axb4 
Bxa6 22.Qxa6 Nd5 23.Qc4 b5 24.Qc5 Qf8 25.e4 Nxb4 26.Qxb5 Rb8 27.Qa5 Nc6 
28.Qc3 Rb6 29.Rd7 Qb4 30.Qxb4 Rxb4 31.Rc7 Rb6 32.h4 g6 33.g4 a5 34.Kg2 a4 
35.g5 hxg5 36.hxg5 Kf8 37.Kg3 1/2-1/2

[Event "11th EUR-ch"]
[Site "Rijeka CRO"]
[Date "2010.03.07"]
[Round "2"]
[White "Medvegy, Zoltan"]
[Black "Nisipeanu, Liviu-Dieter"]
[Result "0-1"]
[WhiteElo "2556"]
[BlackElo "2661"]
[EventDate "2010.03.06"]
[PlyCount "58"]

1.d4 Nf6 2.c4 e6 3.g3 c5 4.d5 exd5 5.cxd5 d6 6.Nc3 g6 7.Bg2 Bg7 8.Nf3 O-O 
9.O-O Re8 10.Bf4 a6 11.a4 h6 12.a5 g5 13.Bc1 Nbd7 14.h4 g4 15.Nd2 Ne5 16.
Qc2 Rb8 17.Nd1 Ng6 18.Nc4 Nh5 19.Nde3 Bd4 20.Rd1 Nxh4 21.gxh4 Nf4 22.Rxd4 
cxd4 23.Nf5 d3 24.Nxh6+ Kf8 25.exd3 Re1+ 26.Bf1 Nh3+ 27.Kg2 Qxh4 28.Nxd6 
Nf4+ 29.Bxf4 Qh3+ 0-1

[Event "11th EUR-ch"]
[Site "Rijeka CRO"]
[Date "2010.03.07"]
[Round "2"]
[White "Riazantsev, Alexander"]
[Black "Damljanovic, Branko"]
[Result "1-0"]
[WhiteElo "2660"]
[BlackElo "2550"]
[EventDate "2010.03.06"]
[PlyCount "51"]

1.d4 Nf6 2.c4 g6 3.g3 Bg7 4.Bg2 O-O 5.Nf3 d6 6.O-O Nbd7 7.Nc3 e5 8.b3 Re8 
9.Qc2 a6 10.Rd1 Rb8 11.e4 exd4 12.Nxd4 Qe7 13.Nd5 Nxd5 14.cxd5 Nc5 15.Bb2 
Bd7 16.Rac1 Rbc8 17.Re1 a5 18.Qd2 c6 19.dxc6 bxc6 20.e5 dxe5 21.Nf3 e4 22.
Bxg7 Kxg7 23.Ng5 f5 24.Qd4+ Qf6 25.Qxc5 Qxg5 26.Qd4+ 1-0

[Event "11th EUR-ch"]
[Site "Rijeka CRO"]
[Date "2010.03.07"]
[Round "2"]
[White "Svetuschin, Dumitru"]
[Black "Berkes, Ferenc"]
[Result "1/2-1/2"]
[WhiteElo "2554"]
[BlackElo "2659"]
[EventDate "2010.03.06"]
[PlyCount "44"]

1.e4 c6 2.d4 d5 3.Nc3 dxe4 4.Nxe4 Bf5 5.Ng3 Bg6 6.h4 h6 7.Nf3 Nd7 8.h5 Bh7
9.Bd3 Bxd3 10.Qxd3 e6 11.Bf4 Qa5+ 12.Bd2 Bb4 13.c3 Be7 14.c4 Qc7 15.O-O-O 
Ngf6 16.Rhe1 a5 17.Ne5 O-O 18.f4 Rad8 19.Qf3 Bb4 20.a3 Bxd2+ 21.Rxd2 Rfe8 
22.Red1 a4 1/2-1/2

[Event "11th EUR-ch"]
[Site "Rijeka CRO"]
[Date "2010.03.07"]
[Round "2"]
[White "Cheparinov, Ivan"]
[Black "Lopez Martinez, Josep Manuel"]
[Result "0-1"]
[WhiteElo "2657"]
[BlackElo "2548"]
[EventDate "2010.03.06"]
[PlyCount "46"]

1.e4 e6 2.d4 d5 3.Nc3 Bb4 4.e5 c5 5.a3 Bxc3+ 6.bxc3 Nc6 7.Qg4 g6 8.Bd2 Bd7
9.Nf3 c4 10.h4 h6 11.Qf4 Nce7 12.a4 Qa5 13.Nh2 Bxa4 14.Ng4 Qb5 15.Nf6+ 
Nxf6 16.exf6 Nc6 17.Kd1 O-O-O 18.g3 b6 19.Bh3 Kb7 20.Re1 h5 21.Qf3 Bxc2+ 
22.Kxc2 Qb3+ 23.Kc1 Nb4 0-1

[Event "11th EUR-ch"]
[Site "Rijeka CRO"]
[Date "2010.03.07"]
[Round "2"]
[White "Nepomnyaschy, Yan"]
[Black "Drazic, Sinisa"]
[Result "1-0"]
[WhiteElo "2656"]
[BlackElo "2545"]
[EventDate "2010.03.06"]
[PlyCount "51"]

1.e4 e5 2.Nf3 Nf6 3.d4 Nxe4 4.dxe5 d5 5.Nbd2 Nxd2 6.Bxd2 Be7 7.c4 Nc6 8.
Qc2 Be6 9.O-O-O a5 10.a3 O-O 11.Be3 Nb4 12.axb4 axb4 13.b3 dxc4 14.Rxd8 
Rfxd8 15.Bxc4 Bxc4 16.Qxc4 Ra1+ 17.Kb2 Rxh1 18.Qxc7 Kf8 19.Bc5 Re8 20.Ng5 
h6 21.Bxe7+ Kg8 22.Nf3 Ra8 23.Bxb4 Rha1 24.Bd2 b5 25.Kc3 b4+ 26.Kxb4 1-0

[Event "11th EUR-ch"]
[Site "Rijeka CRO"]
[Date "2010.03.07"]
[Round "2"]
[White "Solak, Dragan"]
[Black "Timofeev, Artiom"]
[Result "0-1"]
[WhiteElo "2553"]
[BlackElo "2655"]
[EventDate "2010.03.06"]
[PlyCount "114"]

1.e4 c5 2.c4 d6 3.Nc3 Nc6 4.g3 g6 5.Bg2 Bg7 6.Nge2 h5 7.h3 e6 8.d3 Nge7 9.
Bg5 Qd7 10.Rb1 b6 11.a3 Bb7 12.b4 Nd4 13.Nxd4 cxd4 14.Ne2 e5 15.h4 Ng8 16.
Bh3 Qc6 17.O-O Nh6 18.f3 O-O 19.a4 f5 20.b5 Qe8 21.a5 Bc8 22.exf5 Nxf5 23.
Bg2 Be6 24.Qd2 d5 25.cxd5 Bxd5 26.g4 Ne3 27.Bxe3 dxe3 28.Qxe3 bxa5 29.Nc3 
Be6 30.Ne4 Qd8 31.Ng5 Ba2 32.Rbc1 Qb6 33.Qxb6 axb6 34.Rc6 Rf6 35.gxh5 gxh5
36.f4 Raf8 37.fxe5 Rxf1+ 38.Bxf1 Bxe5 39.Bg2 Rf6 40.Rc8+ Rf8 41.Rc6 a4 42.
Rg6+ Kh8 43.Rh6+ Kg7 44.Rh7+ Kg8 45.Ra7 Bb3 46.Bh3 Re8 47.Bf5 Bb2 48.Bg6 
Rf8 49.Ne4 a3 50.Nd2 Be6 51.Nc4 Bd4+ 52.Kg2 Rf2+ 53.Kg3 a2 54.Ne5 Rf6 55.
Bh7+ Kf8 56.Ra8+ Kg7 57.Ra7+ Kh6 0-1

[Event "11th EUR-ch"]
[Site "Rijeka CRO"]
[Date "2010.03.07"]
[Round "2"]
[White "Krasenkow, Michal"]
[Black "Neverov, Valeriy"]
[Result "1-0"]
[WhiteElo "2652"]
[BlackElo "2542"]
[EventDate "2010.03.06"]
[PlyCount "57"]

1.d4 Nf6 2.c4 g6 3.Nc3 d5 4.cxd5 Nxd5 5.e4 Nxc3 6.bxc3 Bg7 7.Bc4 c5 8.Ne2 
Nc6 9.Be3 O-O 10.O-O cxd4 11.cxd4 Bg4 12.f3 Na5 13.Bd5 Bd7 14.Rb1 a6 15.
Bxb7 Ra7 16.Bd5 Bb5 17.a4 Bxe2 18.Qxe2 e6 19.Bc4 Bxd4 20.Rfd1 Bxe3+ 21.
Qxe3 Qa8 22.Be2 Nc6 23.Rb6 Nb8 24.h4 Rc7 25.h5 Qa7 26.h6 a5 27.Bb5 Nc6 28.
Kf1 e5 29.Qc5 1-0

[Event "11th EUR-ch"]
[Site "Rijeka CRO"]
[Date "2010.03.07"]
[Round "2"]
[White "Cvitan, Ognjen"]
[Black "Pashikian, Arman"]
[Result "1/2-1/2"]
[WhiteElo "2550"]
[BlackElo "2652"]
[EventDate "2010.03.06"]
[PlyCount "35"]

1.d4 d5 2.c4 e6 3.Nc3 c6 4.cxd5 exd5 5.Qc2 Bd6 6.Nf3 Ne7 7.e4 dxe4 8.Nxe4 
Bf5 9.Bd3 Bxe4 10.Bxe4 Nd7 11.O-O h6 12.Re1 Qc7 13.Bd2 O-O 14.g3 Rfe8 15.
Bh7+ Kf8 16.Bd3 Nd5 17.Bc4 N7f6 18.a3 1/2-1/2

[Event "11th EUR-ch"]
[Site "Rijeka CRO"]
[Date "2010.03.07"]
[Round "2"]
[White "Fridman, Daniel"]
[Black "San Segundo Carrillo, Pablo"]
[Result "1-0"]
[WhiteElo "2650"]
[BlackElo "2534"]
[EventDate "2010.03.06"]
[PlyCount "65"]

1.d4 Nf6 2.c4 e6 3.Nf3 d5 4.g3 dxc4 5.Bg2 Bb4+ 6.Bd2 a5 7.O-O Nc6 8.Bg5 h6
9.Bxf6 Qxf6 10.a3 Bd6 11.e3 e5 12.d5 Ne7 13.Nc3 O-O 14.Nd2 Bd7 15.Nxc4 Nf5
16.Qd3 Rfd8 17.Rac1 Qe7 18.Ne4 Qe8 19.Bh3 Bf8 20.Rfd1 b5 21.Ncd2 c6 22.
dxc6 Bxc6 23.Qc2 Nd6 24.Nc5 Nb7 25.Ne6 fxe6 26.Qxc6 Qxc6 27.Rxc6 b4 28.
Bxe6+ Kh8 29.Bg4 bxa3 30.bxa3 Bxa3 31.Nc4 Rxd1+ 32.Bxd1 Bb4 33.Bc2 1-0

[Event "11th EUR-ch"]
[Site "Rijeka CRO"]
[Date "2010.03.07"]
[Round "2"]
[White "Zhigalko, Sergei"]
[Black "Holzke, Frank"]
[Result "1-0"]
[WhiteElo "2648"]
[BlackElo "2526"]
[EventDate "2010.03.06"]
[PlyCount "75"]

1.e4 c5 2.c3 Nf6 3.e5 Nd5 4.Nf3 Nc6 5.d4 cxd4 6.Bc4 e6 7.cxd4 d6 8.Qe2 Be7
9.O-O O-O 10.Re1 Na5 11.Bxd5 exd5 12.Nc3 dxe5 13.dxe5 Nc6 14.Rd1 Be6 15.
Bf4 a6 16.Qd3 Qb6 17.Nxd5 Bxd5 18.Qxd5 Qxb2 19.Rdb1 Qe2 20.Re1 Qc2 21.Qd7 
Bc5 22.Bg3 Qb2 23.Reb1 Rad8 24.Qc7 Qa3 25.e6 fxe6 26.Rxb7 Ne7 27.Qe5 Kh8 
28.Rf1 Nf5 29.Ng5 Bd4 30.Qxe6 Nxg3 31.hxg3 Rxf2 32.Rxf2 Bxf2+ 33.Kxf2 Qc5+
34.Qe3 Rd2+ 35.Kf3 Qf5+ 36.Qf4 Qd3+ 37.Kg4 Qe2+ 38.Kh4 1-0